Autour d'Alix - Les autres albums - Bande dessinée - Statistiques

Statistiques générales
  • Ce quiz a été pris 13 fois
  • Le résultat moyen est 16 sur 32
Statistiques - réponses
Indices 1 Indices 2 Réponses % Correct
Voyage Ville - Parthénon A Athènes
100%
Voyage Pays - Cléopâtre E Egypte
100%
Voyage Pays - Péninsule - Athènes G Grèce
100%
Voyage Ville éternelle - Italie R Rome
100%
Voyage Ville trois fois sainte J Jérusalem
90%
Voyage Ville - Guerres puniques - Ennemie de Rome C Carthage
80%
Voyage Pays - Empire - Milieu C Chine
80%
Personnage Reine - Egypte - Nez C Cléopâtre
80%
Voyage Ville - France - Capitale L Lutèce
80%
Personnage Empereur - Poète - Incendie N Néron
80%
Voyage Ville - Vésuve - 79 P Pompéi
80%
Personnage Macédoine - Conquêrant - Bucéphale A Alexandre
70%
Voyage Ville - Jordanie - Ocre P Pétra
60%
Civilisation Peuple - Mexique - Glyphe A Aztèques
50%
Voyage Ville - Disparue - Irak B Babylone
50%
Civilisation Arènes - Combattants - Rome G Gladiateurs
50%
Civilisation Peuple - Perou - Macchu Pichu I Incas
50%
Civilisation Sacrés - Grèce - Coubertin J O Jeux olympiques
50%
Voyage Ville - France - Rhône L Lugdunum
50%
Civilisation Peuple - Normands - Drakkar V Vikings
50%
Civilisation Peuple - Mexique - Pyramides M Mayas
40%
Civilisation Peuple - Italie - Avant Rome E Etrusques
30%
Voyage Pays - Confédération - Croix H Helvétie
30%
Voyage Ville - Disparue - Bataille A Alésia
20%
Voyage Ville - Iran - Capitale P Persépolis
20%
Voyage Ville - France - Phocéens M Massalia
10%
Voyage Ville - Bouches-du-Rhône - Cézanne A S Aquae Sextiae
0%
Voyage Villes - France - Vaucluse A V Arausio Vasio
0%
Civilisation Vêtements C A Costume antique
0%
Civilisation Mer - Bateaux M A Marine antique
0%
Voyage Ville - Gard - Arênes N Nemausus
0%
Voyage Ville - Isère - Rhône V Vienna
0%
Aucun quiz correspondant
Distribution des résultats
% des personnes avec chaque résultat
Percentile par nombre de réponses
Votre historique - résultats
Vous n’avez pas pris ce quiz